000 00555nam a2200205Ia 4500
003 BUBTL
008 151213s9999 xx 000 0 und d
082 _a530
_bGIP
100 _aDr.G.Ahmad ,Md.Shahbuddin
245 _aPractical Physics
_cDr.G.Ahmad ,Md.Shahbuddin
250 _a4th
260 _aDhaka
_bHafiz Book Center
_c2000
300 _a544p . :
_bTable ;22cm .
650 _aPhysics
650 _aScience
700 _aDr.G.Ahmad ,Md.Shahbuddin
856 _k0
_l0
_yDownload
942 _2ddc
_cBK
999 _c2575
_d2575